Statistics for Very broad general knowledge

Click here to take the quiz!

General Stats

  • This quiz has been taken 59 times
  • The average score is 6 of 15

Answer Stats

HintAnswer% Correct
Whose assassination was the trigger for the outbreak of World War I?Archduke Franz Ferdinand
69%
What was the former name of Sri Lanka?Ceylon
64%
How many black keys are there on a grand piano?36
56%
Who starred in Lawrence of Arabia?Peter O'Toole
55%
To which country does the Galapagos archipelago belong?Ecuador
53%
How many white keys are there on a grand piano?52
51%
What sea battle occurred in 1805?Trafalgar
51%
Off which country is Trafalgar located?Spain
45%
In which country did the murder-suicide of 909 followers of Jim Jones occur?Guyana
38%
Where is Queen Elizabeth II's summer retreat in Scotland?Balmoral
38%
To which steamship line did the Titanic belong?White Star
33%
Which airline operated aircraft knows as "clippers"?Pan Am
29%
For which country is Garuda the state airline?Indonesia
22%
What is the family name of the rulers in Monaco?Grimaldi
16%
Which country has an average height above sea-level of 4ft 11ins?Maldives
13%

Score Distribution

Percentile by Number Answered

Percent of People with Each Score

Your Score History

You have not taken this quiz